[Event "IND-chT 42nd"]
[Site "Pollachi"]
[Date "2023.02.14"]
[Round "7.2"]
[White "Adhiban, Baskaran"]
[Black "Parmod, Kharbash"]
[Result "1-0"]
[WhiteElo "2610"]
[BlackElo "1679"]
[PlyCount "59"]
[EventDate "2023.02.10"]
[EventType "team-swiss"]
[EventRounds "9"]
[EventCountry "IND"]
[SourceTitle "CBM 212 Extra"]
[Source "ChessBase"]
[SourceDate "2023.03.31"]
[SourceVersion "1"]
[SourceVersionDate "2023.03.31"]
[SourceQuality "1"]
[WhiteTeam "PSPB"]
[BlackTeam "Haryana"]
[WhiteTeamCountry "IND"]
[BlackTeamCountry "IND"]

1. d4 d5 2. c4 c6 3. Nf3 Nf6 4. Nc3 dxc4 5. e4 b5 6. Be2 b4 7. Na4 Nxe4 8. Bxc4 e6 9. 0-0 Be7 10. Re1 Nf6 11. Ne5 0-0 12. Bg5 Nfd7 13. Bxe7 Qxe7 14. Nxf7 Nb6 15. Nxb6 axb6 16. Ne5 Ba6 17. Bb3 c5 18. dxc5 bxc5 19. Ng6 hxg6 20. Rxe6 Qf7 21. Re7 c4 22. Rxf7 Rxf7 23. Qd8+ Kh7 24. Bc2 Bb7 25. Qh4+ Kg8 26. Bxg6 Nd7 27. Qh7+ Kf8 28. Re1 Nf6 29. Qh8+ Ng8 30. Bh7 1-0